000 00704nam a2200229Ia 4500
003 OSt
005 20220923224125.0
006 a|||||r|||| 00| 0
007 ta
008 220922b |||||||| |||| 00| 0 pan d
024 _a225,987
037 _cTextual
040 _aARTS
_cARTS
_bpan
041 _2pan
_apan
082 _aV236, 153P5-;1
100 _aਖ਼॥ਰ ਗ਼ਮਾਨ
245 0 _aਪੰਜਾਬ ,ਪੰਜਾਬੀ ਤੇ ਪੰਜਾਬੀਅਤ
260 _aਚੰਡੀਗੜ੍ਹ
_b ਲੋਕਗੀਤ ਪ੍ਰਕਾFਨ
_c2005
300 _a240ਪੰ
_ccm.
942 _hV236, 153P5-;1
_cTEXL
_2CC
999 _c369392
_d369392